Państwa, w których był Kim Dzong Un - Statystyki

Ogólne statystyki
  • Ten quiz został rozwiązany 3 780 razy
  • Średni wynik to 5 z 8
Statystyki odpowiedzi
Lata Powód Państwo % Poprawnych
2018, 2019, 2025 Spotkanie z przywódcą tego państwa Chiny
96%
2019, 2023 Spotkanie z przywódcą tego państwa Rosja
96%
2018 Spotkanie z przywódcą tego państwa Korea Południowa
86%
1984– Rządzenie tym państwem Korea Północna
80%
2001 Wizyta w parku rozrywki Japonia
79%
2019 Szczyt z prezydentem USA Wietnam
46%
1998–2001 Edukacja Szwajcaria
40%
2018 Szczyt z prezydentem USA Singapur
23%
Nie znaleziono quizów pasujących do podanych kryteriów
Rozkład punktacji
Procent ludzi z każdym wynikiem
Percentyl według liczby udzielonych odpowiedzi
Twoja historia wyników
Nie rozwiązałeś tego quizu